Statistiques concernant Top 50 de l'Année 1996

Cliquez ici pour prendre le quiz!

Statistiques générales

  • Ce quiz a été pris 18 fois
  • Le résultat moyen est 9 sur 50

Statistiques - réponses

ArtistesChansons% Correct
5KHALEDAïcha
88%
37SPICE GIRLSWannabe
76%
12LOS DEL RIOMacarena [Bayside Boys mix]
59%
16GALAFreed from desire
47%
10BORISSoirée disco
47%
4OPHELIE WINTERDieu m'a donné la foi
41%
1FUGEESKilling me softly
41%
43MYLENE FARMERCalifornia
35%
9ALANIS MORISSETTEIronic
35%
282 PAC feat. DR. DRECalifornia love
29%
3FOOL'S GARDENLemon tree
29%
49TERI MOÏSELes poèmes de Michelle
29%
27TINA TURNERGoldeneye
24%
8AKHENATON & LA FONKY FAMILYBad boys de Marseille
18%
24MICHAEL JACKSONEarth song
18%
20DONNA LEWISI love you always forever
18%
30BIG SOULLe brio (branchez la guitare)
18%
47RED HOT CHILI PEPPERSMy friends
18%
17JOAN OSBORNEOne of us
18%
29BABYLON ZOOSpaceman
18%
13MICHAEL JACKSONThey don't care about us
18%
15CELINE DIONAll by myself
12%
6ROBERT MILESChildren
12%
7GEORGE MICHAELFastlove
12%
42HELENE SEGARAJe vous aime adieu
12%
44MYLENE FARMERL'instant x
12%
11EVERYTHING BUT THE GIRLMissing
12%
34NADA SURFPopular
12%
26SPICE GIRLSSay you'll be there
12%
23JAMIROQUAIVirtual insanity
12%
14NENEH CHERRYWoman
12%
36RECIPROKBalance-toi
6%
39ZHI-VAGOCelebrate (the love)
6%
41BOYZONEFather and son
6%
32LUNIZI got 5 on it
6%
45PASCAL OBISPOPersonne
6%
50TORI AMOSProfessional widow (it's gotta be big)
6%
38THE CRANBERRIESSalvation
6%
33MARK SNOWThe X-files
6%
25NO MERCYWhere do you go?
6%
19SCORPIONSYou and I
6%
18QUEENYou don't fool me
6%
48SOPHIE ZELMANIAlways you
0%
46PULPDisco 2000
0%
35NASIf I ruled the world
0%
31CELINE DIONLe ballet
0%
2MARIAH CAREY & BOYZ II MENOne sweet day
0%
21EROS RAMAZZOTTIPiù bella cosa
0%
22GARBAGEStupid girl
0%
403T & MICHAEL JACKSONWhy
0%

Distribution des résultats

Percentile par nombre de réponses

% des personnes avec chaque résultat

Votre développement - résultats

Vous n’avez pas pris ce quiz